书目信息 |
| 题名: |
中国资源型城市可持续发展研究
|
|
| 作者: | 张文忠 著 | |
| 分册: | ||
| 出版信息: | 北京 科学出版社 2014 |
|
| 页数: | 13, 294页 | |
| 开本: | 24cm | |
| 丛书名: | ||
| 单 册: | ||
| 中图分类: | F299.21 | |
| 科图分类: | ||
| 主题词: | 城市经济--可持续性发展--研究--中国 | |
| 电子资源: | ||
| ISBN: | 978-7-03-040469-5 | |
| 000 | 01118nam0 2200265 450 | |
| 001 | 338326 | |
| 005 | 20150601164213.00 | |
| 010 | @a978-7-03-040469-5@dCNY89.00 | |
| 100 | @a20140630d2014 em y0chiy50 ea | |
| 101 | 0 | @achi |
| 102 | @aCN@b110000 | |
| 105 | @aa z 000yy | |
| 106 | @ar | |
| 200 | 1 | @a中国资源型城市可持续发展研究@Azhong guo zi yuan xing cheng shi ke chi xu fa zhan yan jiu@d= Study on sustainable development of resource-based cities in China@f张文忠等著@zeng |
| 210 | @a北京@c科学出版社@d2014 | |
| 215 | @a13, 294页@c图@d24cm | |
| 300 | @a中国科学院重点部署项目:中国区域发展差距:评估与调控 | |
| 304 | @a著者还有:余建辉、王岱、谌丽 | |
| 330 | @a本书在理论上主要探讨了资源城市尤其是资源枯竭城市的界定方法, 评述了资源城市发展的生命周期理论, 资源的可持续利用与开发, 产业结构、社会结构和城市功能转型等理论。 | |
| 510 | 1 | @aStudy on sustainable development of resource-based cities in China@zeng |
| 606 | 0 | @a城市经济@x可持续性发展@x研究@y中国 |
| 690 | @aF299.21@v5 | |
| 701 | 0 | @a张文忠@Azhang wen zhong@c(地理学)@4著 |
| 801 | 0 | @aCN@b卓展宏图@c20150525 |
| 905 | @dF299.21@e1201@f4 | |
| 中国资源型城市可持续发展研究= Study on sustainable development of resource-based cities in China/张文忠等著.-北京:科学出版社,2014 |
| 13, 294页:图;24cm |
| 中国科学院重点部署项目:中国区域发展差距:评估与调控 |
| ISBN 978-7-03-040469-5:CNY89.00 |
| 本书在理论上主要探讨了资源城市尤其是资源枯竭城市的界定方法, 评述了资源城市发展的生命周期理论, 资源的可持续利用与开发, 产业结构、社会结构和城市功能转型等理论。 |
| ● |
| 相关链接 |
|
|
|
|
正题名:中国资源型城市可持续发展研究
索取号:F299.21/1201
 
预约/预借
| 序号 | 登录号 | 条形码 | 馆藏地/架位号 | 状态 | 备注 |
| 1 | 861735 | 208617353 | 第一样本阅览室/ [索取号:F299.21/1201] | 在馆 | |
| 2 | 861736 | 208617362 | 第一借阅区/ [索取号:F299.21/1201] | 在馆 | |
| 3 | 861737 | 208617371 | 第一借阅区/ [索取号:F299.21/1201] | 在馆 | |
| 4 | 861738 | 208617380 | 第一借阅区/ [索取号:F299.21/1201] | 在馆 |